Political analysis and research method/ (Record no. 167015)

MARC details
000 -LEADER
fixed length control field 00596nam a22001697a 4500
010 ## - LCCN (DPL NO)
LC control number ENG-126221
020 ## - INTERNATIONAL STANDARD BOOK NUMBER
International Standard Book Number 978-93-86761-18-7
Terms of availability 1495.00
035 ## - SYSTEM CONTROL NUMBER
System control number EN-109753
037 ## - SOURCE OF ACQUISITION
Source of stock number/acquisition DBAD/PUB
082 ## - DEWEY DECIMAL CLASSIFICATION NUMBER
Classification number 320.05
100 ## - MAIN ENTRY--PERSONAL NAME
Personal name Mandal,Ram Lakhan
245 ## - TITLE STATEMENT
Title Political analysis and research method/
Statement of responsibility, etc by Ram Lakhan Mandal
260 ## - PUBLICATION, DISTRIBUTION, ETC. (IMPRINT)
Place of publication, distribution, etc New Delhi
Name of publisher, distributor, etc Ane Books Pvt.Ltd.
Date of publication, distribution, etc 2017
270 ## - ADDRESS
Address 4821,Parwana Bhawan 1st Floor 24 Ansari Road, Darya Ganj
City New Delhi
Postal code 110002
Telephone number +91(011)23276843,2814209
Electronic mail address anebookschennai.com
300 ## - PHYSICAL DESCRIPTION
Extent v272p.
Other physical details 24cm(hb)
942 ## - ADDED ENTRY ELEMENTS (KOHA)
Source of classification or shelving scheme Dewey Decimal Classification
Item type English Books
Classification part 320.05
Call number suffix MAN
Holdings
Withdrawn status Lost status Not for loan Collection code Home library Current library Date acquired Source of acquisition Cost, normal purchase price Full call number Barcode Copy number Cost, replacement price Koha item type
      Non-fiction Sarojini Nagar Sarojini Nagar 20/08/2019 DBAD/PUB 495.00 320.05 MAN EN-109753 1 495.00 English Books

© Delhi Public Library
Hit Counter
free hit counter